| Tag |
First Indicator |
Second Indicator |
Subfields |
| LEADER |
00000cam a2200000 a 4500 |
| 001 |
in00000012203 |
| 005 |
20151007051759.0 |
| 007 |
he amb||||||| |
| 008 |
880408r19851984miua bb 00010 eng d |
| 035 |
|
|
|a (OCoLC)17756989
|
| 035 |
|
|
|9 AAA4757AM
|
| 040 |
|
|
|a TXA
|c TXA
|d UtOrBLW
|
| 043 |
|
|
|a s-bl---
|
| 049 |
|
|
|a TXAI
|
| 099 |
|
|
|a fiche
|a C
|a 9589
|
| 100 |
1 |
|
|a Calegar, Geraldo M.
|
| 245 |
1 |
0 |
|a Brazilian wheat policy and its income distribution and trade effects :
|b a case study /
|c Geraldo Magela Calegar.
|
| 264 |
|
1 |
|a [Place of publication not identified] :
|b [publisher not identified] ;
|c 1984.
|
| 300 |
|
|
|a xi, 143 leaves :
|b illustrations
|
| 336 |
|
|
|a text
|b txt
|2 rdacontent
|
| 337 |
|
|
|a microform
|b h
|2 rdamedia
|
| 338 |
|
|
|a microfiche
|b he
|2 rdacarrier
|
| 502 |
|
|
|b Ph. D.
|c University of Minnesota
|d 1984.
|
| 500 |
|
|
|a Vita.
|
| 504 |
|
|
|a Bibliography: leaves 112-116.
|
| 533 |
|
|
|a Microfiche.
|b Ann Arbor, Mich. :
|c University Microfilms International,
|d 1985.
|e 2 microfiches ; 11 x 15 cm.
|
| 500 |
|
|
|a Microform.
|
| 650 |
|
0 |
|a Wheat trade
|x Government policy
|z Brazil.
|
| 650 |
|
0 |
|a Wheat
|z Brazil.
|
| 999 |
|
|
|a MARS
|
| 999 |
f |
f |
|s 6014174c-22d0-3fd6-a217-0c488f8afff7
|i 966613fc-919e-35b5-9f8e-fe2d9603c2fd
|t 0
|
| 952 |
f |
f |
|p normal
|a Texas A&M University
|b College Station
|c Sterling C. Evans Library
|d Evans: Microforms (3rd floor)
|t 0
|e fiche C 9589
|h Other scheme
|i microform -- microfiche
|m A14823245202
|
| 998 |
f |
f |
|a fiche C 9589
|t 0
|l Evans: Microforms (3rd floor)
|